Nythikathayude sukshmasruthi/ (Record no. 181989)

000 -LEADER
fixed length control field 00422nam a22001577a 4500
020 ## - INTERNATIONAL STANDARD BOOK NUMBER
ISBN 9788119443482
082 ## - DEWEY DECIMAL CLASSIFICATION NUMBER
Classification number M100 7
Item number SUR/N
245 ## - TITLE STATEMENT
Title Nythikathayude sukshmasruthi/
Statement of responsibility, etc by Surendran V U(ed.)
260 ## - PUBLICATION, DISTRIBUTION, ETC. (IMPRINT)
Place of publication Kozhikkode:
Name of publisher Atma books,
Year of publication 2024.
300 ## - PHYSICAL DESCRIPTION
Number of Pages 184p.
650 ## - SUBJECT ADDED ENTRY--TOPICAL TERM
Topical Term Poetry Malayalam Study
650 ## - SUBJECT ADDED ENTRY--TOPICAL TERM
Topical Term Poetry Malayalam KGS Study
650 ## - SUBJECT ADDED ENTRY--TOPICAL TERM
Topical Term Literature Malayalam
650 ## - SUBJECT ADDED ENTRY--TOPICAL TERM
Topical Term Literature
942 ## - ADDED ENTRY ELEMENTS (KOHA)
Koha item type Book
Holdings
Withdrawn status Lost status Damaged status Not for loan Permanent Location Current Location Shelving location Date acquired Cost, normal purchase price Full call number Accession Number Price effective from Koha item type
        Sree Sankaracharya University of Sanskrit Sree Sankaracharya University of Sanskrit Stacks 03.06.2026 360.00 M100 7 SUR/N 109050 03.06.2026 Book